| 000 | 00596 a2200193 4500 | ||
|---|---|---|---|
| 020 | _a0324407653 (paperback) | ||
| 020 | _a9780324407655 (paperback) | ||
| 090 |
_c5358 _d5358 |
||
| 100 | 1 | _aIRELAND. | |
| 245 | 1 | 0 |
_aUnderstanding Business Strategy Concepts _cIRELAND, HOSKISSON, HITT. |
| 250 | _aINST ED ed. | ||
| 260 |
_a[S.l.] : _bSouth Western College Publishing, _c2005. |
||
| 300 | _a32 p. | ||
| 500 | _aImport. | ||
| 700 | 1 | _aHOSKISSON. | |
| 700 | 1 | _aHITT. | |
| 856 | 4 | 0 |
_3Amazon.com _uhttp://www.amazon.com/exec/obidos/ASIN/0324407653/chopaconline-20 |
| 942 |
_aNBS _cBK _k658.4012 IRE |
||
| 999 |
_c347769 _d347769 |
||